000 01125nam a2200253Ia 4500
999 _c38668
_d38668
001 4902
003 GE_BSU
005 20190807130721.0
008 181216s2010||||ge |||||||||||||| ||geo||
020 _a9789941025389
040 _cGE_BSU
041 _ageo
080 _a611.714/716 + 611.73 + 611.31 + 611.81 + 611.92 ჩ-23
100 _aჩანტლაძე, ვ.
_93436
245 _aადამიანის თავისა და კისრის ნორმალური ანატომიის ატლასი /
_cრედ. მზია ბაქრაძე.
264 _aთბილისი :
_bთსუ ;
_c2010.
300 _a271 გვ. ;
_c25 სმ.
541 _h59ლ.90თ.
653 _aადამიანის თავისა და კისრის ნორმალური ანატომიის ატლასი
653 _aადამიანის ანატომიის ატლასი
653 _aმედიცინა
700 _aბაქრაძე, მზია
_eრედაქტორი
_93437
942 _cBK
_2udc